[Event "CZE Extraliga 2019-20"]
[Site "Czech Republic"]
[Date "2019.10.13"]
[Round "2"]
[White "Cvek, Robert"]
[Black "Oral, Tomas"]
[Result "1/2-1/2"]
[WhiteElo "2517"]
[BlackElo "2509"]
[Annotator "ChessBase"]
[PlyCount "32"]
[EventDate "2019.10.12"]
[EventType "team-tourn"]
[EventCountry "CZE"]
[SourceTitle "playchess.com"]
[Source "ChessBase"]
[SourceQuality "1"]
[WhiteTeam "Poruba"]
[BlackTeam "Lysa nad Labem"]
[TimeControl "40/5400+30:1800+30"]

1. Nf3 {[%emt 0:00:00]} c5 {[%emt 0:00:00]} 2. c4 {[%emt 0:00:00]} Nc6 {[%emt 0:00:00]} 3. Nc3 {[%emt 0:00:01]} e5 {[%emt 0:00:00]} 4. e3 {[%emt 0:00:53]} Nf6 {[%emt 0:00:20]} 5. Be2 {[%emt 0:00:42]} d5 {[%emt 0:23:48]} 6. d4 {[%emt 0:01:13]} exd4 {[%emt 0:09:47]} 7. exd4 {[%emt 0:04:28]} cxd4 {[%emt 0:00:21]} 8. Nxd4 {[%emt 0:00:20]} Be7 {[%emt 0:02:38]} 9. O-O {[%emt 0:02:31]} O-O {[%emt 0:02:04]} 10. Be3 {[%emt 0:07:31]} Nxd4 {[%emt 0:05:11]} 11. Qxd4 {[%emt 0:01:41]} dxc4 {[%emt 0:05:14]} 12. Qxc4 {[%emt 0:00:17]} Be6 {[%emt 0:02:14]} 13. Qb5 {[%emt 0:00:11]} Nd5 {[%emt 0:19:15]} 14. Nxd5 {[%emt 0:14:27]} Qxd5 {[%emt 0:00:26]} 15. Qxd5 {[%emt 0:00:07]} Bxd5 {[%emt 0:00:05]} 16. Rfd1 {[%emt 0:00:08]} Rfd8 {[%emt 0:02:43]} 1/2-1/2

[Event "CZE Extraliga 2019-20"]
[Site "Czech Republic"]
[Date "2019.10.13"]
[Round "2"]
[White "Jansa, Vlastimil"]
[Black "Biolek, Richard Jr."]
[Result "1/2-1/2"]
[WhiteElo "2452"]
[BlackElo "2454"]
[Annotator "ChessBase"]
[PlyCount "69"]
[EventDate "2019.10.12"]
[EventType "team-tourn"]
[EventCountry "CZE"]
[SourceTitle "playchess.com"]
[Source "ChessBase"]
[SourceQuality "1"]
[WhiteTeam "Lysa nad Labem"]
[BlackTeam "Poruba"]
[TimeControl "40/5400+30:1800+30"]

1. e4 {[%emt 0:00:00]} c5 {[%emt 0:00:00]} 2. Nf3 {[%emt 0:00:00]} d6 {[%emt 0:00:00]} 3. d4 {[%emt 0:00:00]} cxd4 {[%emt 0:00:00]} 4. Nxd4 {[%emt 0:00:00]} Nf6 {[%emt 0:00:00]} 5. Nc3 {[%emt 0:00:06]} g6 {[%emt 0:00:00]} 6. Bc4 {[%emt 0:00:51]} Bg7 {[%emt 0:00:01]} 7. O-O {[%emt 0:00:25]} O-O {[%emt 0:00:03]} 8. Re1 {[%emt 0:01:18]} Nc6 {[%emt 0:00:08]} 9. Bb3 {[%emt 0:00:37]} Bg4 {[%emt 0:00:04]} 10. Qd3 {[%emt 0:08:12]} Nxd4 {[%emt 0:00:40]} 11. Qxd4 {[%emt 0:00:05]} Nd7 {[%emt 0:00:02]} 12. Qd3 {[%emt 0:01:20]} Nc5 {[%emt 0:00:04]} 13. Qg3 {[%emt 0:00:41]} Be6 {[%emt 0:00:02]} 14. Qh4 {[%emt 0:01:36]} Rc8 {[%emt 0:00:04]} 15. Bh6 {[%emt 0:04:56]} Bxc3 {[%emt 0:00:05]} 16. bxc3 {[%emt 0:01:51]} Re8 {[%emt 0:00:03]} 17. Bd2 {[%emt 0:17:54]} f6 {[%emt 0:09:06]} 18. Re3 {[%emt 0:03:51]} Rf8 {[%emt 0:22:39]} 19. Rae1 {[%emt 0:09:38]} Nxb3 {[%emt 0:14:50]} 20. axb3 {[%emt 0:01:50]} g5 {[%emt 0:00:36]} 21. Qg3 {[%emt 0:07:56]} Kh8 {[%emt 0:00:08]} 22. Rd3 {[%emt 0:05:05]} Qa5 {[%emt 0:15:49]} 23. c4 {[%emt 0:04:25]} Qe5 {[%emt 0:08:48]} 24. Qe3 {[%emt 0:06:16]} Qc5 {[%emt 0:00:04]} 25. Qe2 {[%emt 0:01:25]} a6 {[%emt 0:03:42]} 26. Bc3 {[%emt 0:03:14]} b5 {[%emt 0:00:52]} 27. Bd4 {[%emt 0:01:19]} Qc6 {[%emt 0:00:20]} 28. cxb5 {[%emt 0:01:32]} axb5 {[%emt 0:00:07]} 29. Rc3 {[%emt 0:01:44]} Qd7 {[%emt 0:01:21]} 30. Rg3 {[%emt 0:01:20]} g4 {[%emt 0:06:44]} 31. b4 {[%emt 0:01:27]} Ra8 {[%emt 0:02:47]} 32. Qd2 {[%emt 0:03:33]} Bc4 {[%emt 0:03:12]} 33. h3 {[%emt 0:01:27]} Rg8 {[%emt 0:03:39]} 34. hxg4 {[%emt 0:04:47]} Rxg4 {[%emt 0:00:03]} 35. Rxg4 {[%emt 0:00:45]} 1/2-1/2

[Event "CZE Extraliga 2019-20"]
[Site "Czech Republic"]
[Date "2019.10.13"]
[Round "2"]
[White "Kislinsky, Alexey"]
[Black "Bures, Jaroslav"]
[Result "1-0"]
[WhiteElo "2442"]
[BlackElo "2388"]
[Annotator "ChessBase"]
[PlyCount "133"]
[EventDate "2019.10.12"]
[EventType "team-tourn"]
[EventCountry "CZE"]
[SourceTitle "playchess.com"]
[Source "ChessBase"]
[SourceQuality "1"]
[WhiteTeam "Lysa nad Labem"]
[BlackTeam "Poruba"]
[TimeControl "40/5400+30:1800+30"]

1. e4 {[%emt 0:00:00]} c6 {[%emt 0:00:00]} 2. d4 {[%emt 0:00:00]} d5 {[%emt 0:00:00]} 3. exd5 {[%emt 0:00:00]} cxd5 {[%emt 0:00:00]} 4. c4 {[%emt 0:00:06]} Nf6 {[%emt 0:00:00]} 5. Nc3 {[%emt 0:00:07]} Nc6 {[%emt 0:00:00]} 6. Bg5 {[%emt 0:00:17]} dxc4 {[%emt 0:00:00]} 7. d5 {[%emt 0:01:36]} Ne5 {[%emt 0:00:00]} 8. Nf3 {[%emt 0:00:10]} Bg4 {[%emt 0:14:21]} 9. Bxc4 {[%emt 0:00:39]} Nxc4 {[%emt 0:09:54]} 10. Qa4+ {[%emt 0:01:33]} Qd7 {[%emt 0:08:05]} 11. Qxc4 {[%emt 0:00:12]} Bxf3 {[%emt 0:00:05]} 12. gxf3 {[%emt 0:00:15]} Rc8 {[%emt 0:00:02]} 13. Qd4 {[%emt 0:00:50]} h6 {[%emt 0:11:26]} 14. Bxf6 {[%emt 0:00:49]} exf6 {[%emt 0:00:27]} 15. O-O-O {[%emt 0:00:20]} Bc5 {[%emt 0:03:42]} 16. Rhe1+ {[%emt 0:00:11]} Kd8 {[%emt 0:00:16]} 17. Qd3 {[%emt 0:04:32]} Bd6 {[%emt 0:08:14]} 18. Kb1 {[%emt 0:01:48]} Kc7 {[%emt 0:00:46]} 19. Rg1 {[%emt 0:04:36]} g6 {[%emt 0:06:50]} 20. h4 {[%emt 0:11:11]} Kb8 {[%emt 0:00:50]} 21. h5 {[%emt 0:00:23]} g5 {[%emt 0:05:21]} 22. Ne4 {[%emt 0:01:33]} Be5 {[%emt 0:00:01]} 23. Ng3 {[%emt 0:02:37]} Rhd8 {[%emt 0:01:04]} 24. Nf5 {[%emt 0:17:26]} Rc5 {[%emt 0:00:04]} 25. Ne3 {[%emt 0:02:13]} Qh3 {[%emt 0:06:35]} 26. Qe4 {[%emt 0:08:59]} Qxh5 {[%emt 0:03:44]} 27. Rh1 {[%emt 0:05:21]} Qg6 {[%emt 0:00:03]} 28. Qxg6 {[%emt 0:00:05]} fxg6 {[%emt 0:00:02]} 29. Rxh6 {[%emt 0:00:07]} Rg8 {[%emt 0:00:22]} 30. d6 {[%emt 0:01:20]} Kc8 {[%emt 0:03:46]} 31. Nd5 {[%emt 0:08:45]} Rd8 {[%emt 0:04:07]} 32. d7+ {[%emt 0:02:12]} Kb8 {[%emt 0:00:22]} 33. Rh7 {[%emt 0:02:53]} Rc6 {[%emt 0:01:01]} 34. Ne7 {[%emt 0:03:15]} Rd6 {[%emt 0:00:32]} 35. Rxd6 {[%emt 0:00:20]} Bxd6 {[%emt 0:00:04]} 36. Nd5 {[%emt 0:03:28]} f5 {[%emt 0:00:20]} 37. Rg7 {[%emt 0:00:09]} b6 {[%emt 0:01:28]} 38. b4 {[%emt 0:01:11]} Kb7 {[%emt 0:03:01]} 39. b5 {[%emt 0:00:37]} Bc5 {[%emt 0:01:01]} 40. Kc2 {[%emt 0:01:31]} Bxf2 {[%emt 0:00:58]} 41. Kd3 {[%emt 0:31:40]} Bc5 {[%emt 0:35:14]} 42. a4 {[%emt 0:01:52]} Ba3 {[%emt 0:06:08]} 43. Rf7 {[%emt 0:03:49]} Bb2 {[%emt 0:00:00]} 44. Kc4 {[%emt 0:00:00]} Ba1 {[%emt 0:00:00]} 45. Re7 {[%emt 0:00:00]} Bb2 {[%emt 0:00:00]} 46. Rh7 {[%emt 0:00:00]} Ba1 {[%emt 0:00:00]} 47. Kd3 {[%emt 0:00:00]} Bb2 {[%emt 0:00:00]} 48. Kc2 {[%emt 0:00:00]} Ba3 {[%emt 0:00:00]} 49. Nf6 {[%emt 0:00:00]} Bd6 {[%emt 0:00:00]} 50. Kd3 {[%emt 0:00:00]} Be5 {[%emt 0:00:00]} 51. Ne8 {[%emt 0:00:00]} g4 {[%emt 0:00:00]} 52. fxg4 {[%emt 0:00:00]} fxg4 {[%emt 0:00:00]} 53. Ke4 {[%emt 0:00:20]} g3 {[%emt 0:00:00]} 54. Kf3 {[%emt 0:00:43]} Bc7 {[%emt 0:00:00]} 55. Kg2 {[%emt 0:00:28]} Bb8 {[%emt 0:00:00]} 56. Re7 {[%emt 0:00:21]} Bc7 {[%emt 0:00:00]} 57. Ng7 {[%emt 0:03:50]} Rb8 {[%emt 0:02:57]} 58. Ne6 {[%emt 0:00:44]} Bd8 {[%emt 0:00:04]} 59. Re8 {[%emt 0:01:22]} Bf6 {[%emt 0:00:02]} 60. Kxg3 {[%emt 0:00:20]} Ra8 {[%emt 0:01:12]} 61. Kg4 {[%emt 0:00:30]} a5 {[%emt 0:00:48]} 62. Rxa8 {[%emt 0:01:43]} Kxa8 {[%emt 0:00:04]} 63. d8=Q+ {[%emt 0:00:07]} Bxd8 {[%emt 0:00:02]} 64. Nxd8 {[%emt 0:00:05]} Kb8 {[%emt 0:00:01]} 65. Ne6 {[%emt 0:00:11]} Kc8 {[%emt 0:00:05]} 66. Nf4 {[%emt 0:00:06]} Kd7 {[%emt 0:00:12]} 67. Nd5 {[%emt 0:00:04]} 1-0

[Event "CZE Extraliga 2019-20"]
[Site "Czech Republic"]
[Date "2019.10.13"]
[Round "2"]
[White "Velicka, Petr"]
[Black "Navara, David"]
[Result "0-1"]
[WhiteElo "2425"]
[BlackElo "2717"]
[Annotator "TA"]
[PlyCount "70"]
[EventDate "2019.10.12"]
[EventType "team-tourn"]
[EventCountry "CZE"]
[SourceTitle "playchess.com"]
[Source "ChessBase"]
[SourceQuality "1"]
[WhiteTeam "Ostrava"]
[BlackTeam "Novoborsky"]

{[%evp 11,70,20,28,33,42,-18,-8,-20,21,29,38,43,51,0,0,0,0,-12,-20,-25,-20,-10,-14,-21,-24,-71,-42,-76,-69,-69,-79,-92,-97,-214,-228,-244,-252,-242,-244,-245,-245,-257,-256,-267,-240,-336,-334,-371,-352,-329,-314,-505,-493,-582,-571,-1157,-1157,-1157,-1078,-1142,-1121]} 1. e4 c5 2. Nf3 e6 3. d4 cxd4 4. Nxd4 Nf6 5. Nc3 Nc6 6. Ndb5 Bc5 7. Nd6+ {B45: Sicilian Four Knights} (7. Bf4 O-O 8. Bc7 Qe7 9. Bd6 Bxd6 10. Qxd6 Qd8 11. O-O-O a6 12. Nd4 Ne7 13. Qg3 b5 14. e5 Nfd5 15. Nxd5 Nxd5 {½-½ (47) Nevednichy,V (2531)-Navara,D (2734) Patras 2019}) 7... Ke7 $1 8. Nxc8+ (8. Bf4 $14) 8... Rxc8 $11 9. Bd3 {The position is equal.} Rg8 10. O-O g5 11. Qe2 $146 ({Predecessor:} 11. Kh1 Ne5 12. Qe2 a6 13. Be3 Qc7 14. Bxc5+ Qxc5 {0-1 (32) Murtazin,R (2342)-Pridorozhni,A (2565) Sochi 2017}) 11... Nd4 12. Qd1 ({White should try} 12. Qe1 $14) 12... Qc7 13. Be3 h5 14. Bxd4 Bxd4 15. Nb5 {[%mdl 64] Double Attack} Qe5 16. Nxd4 Qxd4 17. Qe2 Qe5 18. Qe3 h4 ({But not} 18... Qxb2 19. Qxa7 Qc3 20. Qxb7 $11) 19. c3 {[#]} Ng4 $1 {[%csl Gg4][%cal Re5h2][%mdl 512]} 20. Qh3 Qf4 21. Rae1 {g3 would now be nice for White.} Ne5 22. Qe3 {[#]} (22. Rd1 $17 {was called for.}) 22... h3 $1 $40 {[%cal Rh3g2][%mdl 640] ...hxg2 is the strong threat. Black has strong attack.} 23. Be2 (23. Qxh3 Rh8) 23... hxg2 24. Kxg2 Qxe3 25. fxe3 Rh8 26. h3 Rh4 27. Rh1 Rch8 28. b3 Rxe4 29. Bf3 Nxf3 30. Kxf3 {[%mdl 4096] Endgame KRR-KRR} Reh4 31. Re2 $2 {[#]} (31. Kg2) 31... g4+ $1 {[%mdl 512] Black is clearly winning.} 32. Kg3 (32. hxg4 Rxh1) 32... f5 33. e4 {White hopes to continue with exf5.} Rxh3+ 34. Rxh3 Rxh3+ 35. Kf4 Kf6 {Accuracy: White = 18%, Black = 79%.} 0-1

[Event "CZE Extraliga 2019-20"]
[Site "Czech Republic"]
[Date "2019.10.13"]
[Round "2"]
[White "Kanovsky, David"]
[Black "Rogozenco, Dorian"]
[Result "1/2-1/2"]
[WhiteElo "2424"]
[BlackElo "2491"]
[Annotator "ChessBase"]
[PlyCount "79"]
[EventDate "2019.10.12"]
[EventType "team-tourn"]
[EventCountry "CZE"]
[SourceTitle "playchess.com"]
[Source "ChessBase"]
[SourceQuality "1"]
[WhiteTeam "Poruba"]
[BlackTeam "Lysa nad Labem"]
[TimeControl "40/5400+30:1800+30"]

1. e4 {[%emt 0:00:00]} c5 {[%emt 0:00:00]} 2. Nf3 {[%emt 0:00:00]} Nc6 {[%emt 0:00:22]} 3. d4 {[%emt 0:00:00]} cxd4 {[%emt 0:00:06]} 4. Nxd4 {[%emt 0:00:00]} Nf6 {[%emt 0:00:04]} 5. Nc3 {[%emt 0:00:04]} e5 {[%emt 0:00:47]} 6. Ndb5 {[%emt 0:00:23]} d6 {[%emt 0:00:10]} 7. Nd5 {[%emt 0:02:07]} Nxd5 {[%emt 0:01:16]} 8. exd5 {[%emt 0:00:03]} Nb8 {[%emt 0:00:49]} 9. a4 {[%emt 0:00:16]} Be7 {[%emt 0:01:40]} 10. Be2 {[%emt 0:00:05]} O-O {[%emt 0:00:34]} 11. O-O {[%emt 0:00:06]} Nd7 {[%emt 0:01:58]} 12. Kh1 {[%emt 0:03:36]} f5 {[%emt 0:07:46]} 13. f4 {[%emt 0:00:06]} a6 {[%emt 0:00:25]} 14. Na3 {[%emt 0:00:05]} exf4 {[%emt 0:08:54]} 15. Bxf4 {[%emt 0:00:53]} Nc5 {[%emt 0:01:09]} 16. Nc4 {[%emt 0:01:54]} a5 {[%emt 0:00:06]} 17. c3 {[%emt 0:14:27]} b6 {[%emt 0:02:35]} 18. Be3 {[%emt 0:03:51]} Rb8 {[%emt 0:20:18]} 19. Na3 {[%emt 0:05:48]} Bg5 {[%emt 0:03:06]} 20. Bg1 {[%emt 0:09:00]} Rf6 {[%emt 0:04:22]} 21. Nb5 {[%emt 0:05:11]} Rh6 {[%emt 0:02:29]} 22. Nd4 {[%emt 0:05:56]} Ne4 {[%emt 0:00:28]} 23. Rf3 {[%emt 0:00:24]} Bf4 {[%emt 0:00:05]} 24. Bd3 {[%emt 0:09:06]} Ng3+ {[%emt 0:07:38]} 25. Rxg3 {[%emt 0:00:32]} Bxg3 {[%emt 0:00:04]} 26. Bxf5 {[%emt 0:02:01]} Qg5 {[%emt 0:16:57]} 27. Qd3 {[%emt 0:04:55]} g6 {[%emt 0:07:03]} 28. Bxc8 {[%emt 0:09:10]} Rxc8 {[%emt 0:00:03]} 29. Rf1 {[%emt 0:00:17]} Qg4 {[%emt 0:06:49]} 30. Qe3 {[%emt 0:03:21]} Rh5 {[%emt 0:00:04]} 31. Qe7 {[%emt 0:00:58]} Be5 {[%emt 0:00:09]} 32. Ne6 {[%emt 0:16:12]} Rf5 {[%emt 0:04:26]} 33. h3 {[%emt 0:00:16]} Qh5 {[%emt 0:02:26]} 34. Rxf5 {[%emt 0:04:19]} Qxf5 {[%emt 0:00:41]} 35. Ng5 {[%emt 0:00:11]} Bg7 {[%emt 0:00:17]} 36. Bd4 {[%emt 0:01:55]} Qf1+ {[%emt 0:00:33]} 37. Kh2 {[%emt 0:00:09]} Qf4+ {[%emt 0:00:19]} 38. Kh1 {[%emt 0:00:41]} Qf1+ {[%emt 0:00:05]} 39. Kh2 {[%emt 0:00:09]} Qf4+ {[%emt 0:00:04]} 40. Kh1 {[%emt 0:01:01]} 1/2-1/2

[Event "CZE Extraliga 2019-20"]
[Site "Czech Republic"]
[Date "2019.10.13"]
[Round "2"]
[White "Klima, Lukas"]
[Black "Priehoda, Vitezslav"]
[Result "1/2-1/2"]
[WhiteElo "2334"]
[BlackElo "2344"]
[Annotator "ChessBase"]
[PlyCount "23"]
[EventDate "2019.10.12"]
[EventType "team-tourn"]
[EventCountry "CZE"]
[SourceTitle "playchess.com"]
[Source "ChessBase"]
[SourceQuality "1"]
[WhiteTeam "Poruba"]
[BlackTeam "Lysa nad Labem"]
[TimeControl "40/5400+30:1800+30"]

1. e4 {[%emt 0:00:00]} c5 {[%emt 0:00:00]} 2. Nf3 {[%emt 0:00:30]} e6 {[%emt 0:00:30]} 3. d4 {[%emt 0:00:30]} cxd4 {[%emt 0:00:30]} 4. Nxd4 {[%emt 0:00:30]} Nc6 {[%emt 0:00:30]} 5. Nc3 {[%emt 0:00:30]} Qc7 {[%emt 0:00:30]} 6. g3 {[%emt 0:00:30]} a6 {[%emt 0:00:30]} 7. Bg2 {[%emt 0:00:30]} Nf6 {[%emt 0:00:30]} 8. O-O {[%emt 0:00:30]} d6 {[%emt 0:00:30]} 9. Nxc6 {[%emt 0:00:30]} bxc6 {[%emt 0:00:30]} 10. Na4 {[%emt 0:00:30]} e5 {[%emt 0:00:30]} 11. c4 {[%emt 0:00:30]} Be7 {[%emt 0:00:30]} 12. c5 {[%emt 0:00:30]} 1/2-1/2

[Event "CZE Extraliga 2019-20"]
[Site "Czech Republic"]
[Date "2019.10.13"]
[Round "2"]
[White "Koziol, Kamil"]
[Black "Bartel, Mateusz"]
[Result "0-1"]
[WhiteElo "2283"]
[BlackElo "2635"]
[Annotator "RC"]
[PlyCount "68"]
[EventDate "2019.10.12"]
[EventType "team-tourn"]
[EventCountry "CZE"]
[SourceTitle "playchess.com"]
[Source "ChessBase"]
[SourceQuality "1"]
[WhiteTeam "Ostrava"]
[BlackTeam "Novoborsky"]
[TimeControl "40/5400+30:1800+30"]

1. e4 {[%emt 0:00:00]} c6 {[%emt 0:00:00]} 2. d4 {[%emt 0:00:00]} d5 {[%emt 0:00:00]} 3. e5 {[%emt 0:00:06]} Bf5 {[%emt 0:00:00]} 4. Nf3 {[%emt 0:01:48]} e6 {[%emt 0:00:00]} 5. Be2 {[%emt 0:00:28]} Ne7 {[%emt 0:00:01]} 6. O-O {[%emt 0:02:17]} Ng6 {[%emt 0:00:24]} 7. Be3 {[%emt 0:07:30]} Nd7 {[%emt 0:00:08]} 8. Ne1 {[%emt 0:10:00]} h5 {[%emt 0:00:05]} 9. Nd2 {[%emt 0:01:52]} Ndxe5 {[%emt 0:03:54]} 10. dxe5 {[%emt 0:03:17]} d4 {[%emt 0:00:16]} 11. Nc4 {[%emt 0:19:39]} dxe3 {[%emt 0:02:43]} 12. Nxe3 {[%emt 0:05:45]} Be4 {[%emt 0:09:12]} 13. Bf3 {[%emt 0:05:37]} Bxf3 {[%emt 0:08:30]} 14. Nxf3 {[%emt 0:01:39]} Qa5 {[%emt 0:00:52]} 15. Qd4 {[%emt 0:02:31]} Rd8 {[%emt 0:02:37]} 16. Qe4 {[%emt 0:00:39]} Be7 {[%emt 0:03:20]} 17. a3 {[%emt 0:06:39]} O-O {[%emt 0:00:06]} 18. h4 {[%emt 0:03:19]} Rd7 {[%emt 0:00:59]} 19. g3 {[%emt 0:00:40]} Rfd8 {[%emt 0:00:42]} 20. Kg2 {[%emt 0:03:58]} Qb5 {[%emt 0:02:43]} 21. b4 {[%emt 0:10:42]} c5 {[%emt 0:07:51]} 22. Rab1 {[%emt 0:08:43]} Rd4 {[%emt 0:08:03]} 23. Nxd4 {[%emt 0:01:16]} Rxd4 {[%emt 0:00:10]} 24. Qf3 {[%emt 0:01:46]} Nxe5 {[%emt 0:00:13]} 25. Qxh5 {[%emt 0:01:42]} Qc6+ {[%emt 0:01:28]} 26. f3 {[%emt 0:00:13]} Bf6 {[%emt 0:00:29]} 27. Rf2 {[%emt 0:00:52]} g6 {[%emt 0:00:26]} 28. Qh6 {[%emt 0:00:24]} Bg7 {[%emt 0:00:08]} 29. Qg5 {[%emt 0:00:32]} f6 {[%emt 0:00:11]} 30. Qf4 {[%emt 0:00:28]} Rxf4 {[%emt 0:00:08]} 31. gxf4 {[%emt 0:00:05]} Nf7 {[%emt 0:01:23]} 32. bxc5 {[%emt 0:00:59]} Qxc5 {[%emt 0:01:28]} 33. Rb3 {[%emt 0:00:24]} f5 {[%emt 0:01:00]} 34. Rd2 {[%emt 0:00:25]} Bh6 {[%emt 0:02:16]} 0-1

[Event "CZE Extraliga 2019-20"]
[Site "Czech Republic"]
[Date "2019.10.13"]
[Round "2"]
[White "Walek, Petr"]
[Black "Babula, Vlastimil"]
[Result "0-1"]
[WhiteElo "2263"]
[BlackElo "2559"]
[Annotator "ChessBase"]
[PlyCount "92"]
[EventDate "2019.10.12"]
[EventType "team-tourn"]
[EventCountry "CZE"]
[SourceTitle "playchess.com"]
[Source "ChessBase"]
[SourceQuality "1"]
[WhiteTeam "Ostrava"]
[BlackTeam "Novoborsky"]
[TimeControl "40/5400+30:1800+30"]

1. e4 {[%emt 0:00:00]} c5 {[%emt 0:00:00]} 2. Nf3 {[%emt 0:00:00]} e6 {[%emt 0:00:00]} 3. d4 {[%emt 0:00:01]} cxd4 {[%emt 0:00:04]} 4. Nxd4 {[%emt 0:00:05]} Nc6 {[%emt 0:00:26]} 5. Nc3 {[%emt 0:00:26]} Qc7 {[%emt 0:00:18]} 6. f4 {[%emt 0:00:49]} a6 {[%emt 0:02:55]} 7. Be3 {[%emt 0:01:12]} b5 {[%emt 0:04:17]} 8. Nb3 {[%emt 0:21:17]} d6 {[%emt 0:11:58]} 9. Bd3 {[%emt 0:08:17]} Nf6 {[%emt 0:01:06]} 10. Qf3 {[%emt 0:04:31]} Bb7 {[%emt 0:01:06]} 11. O-O-O {[%emt 0:11:03]} Rc8 {[%emt 0:09:19]} 12. Kb1 {[%emt 0:13:13]} Be7 {[%emt 0:05:04]} 13. g4 {[%emt 0:11:58]} Nd7 {[%emt 0:02:20]} 14. Qf2 {[%emt 0:02:30]} O-O {[%emt 0:08:54]} 15. g5 {[%emt 0:03:18]} Nb4 {[%emt 0:02:55]} 16. Rhg1 {[%emt 0:06:06]} Rfe8 {[%emt 0:12:46]} 17. Rg3 {[%emt 0:06:47]} g6 {[%emt 0:06:33]} 18. h4 {[%emt 0:02:19]} Nc5 {[%emt 0:07:47]} 19. Nxc5 {[%emt 0:01:59]} dxc5 {[%emt 0:00:13]} 20. Bf1 {[%emt 0:01:17]} Red8 {[%emt 0:02:02]} 21. Rxd8+ {[%emt 0:01:05]} Rxd8 {[%emt 0:00:33]} 22. h5 {[%emt 0:01:42]} Bf8 {[%emt 0:03:31]} 23. hxg6 {[%emt 0:01:02]} fxg6 {[%emt 0:02:46]} 24. Bh3 {[%emt 0:00:29]} Qe7 {[%emt 0:02:20]} 25. f5 {[%emt 0:00:28]} exf5 {[%emt 0:01:10]} 26. exf5 {[%emt 0:00:07]} Nd5 {[%emt 0:08:39]} 27. Nxd5 {[%emt 0:00:35]} Bxd5 {[%emt 0:00:08]} 28. Bc1 {[%emt 0:00:51]} Qf7 {[%emt 0:01:21]} 29. b3 {[%emt 0:00:30]} c4 {[%emt 0:02:06]} 30. Qe2 {[%emt 0:00:32]} Re8 {[%emt 0:01:44]} 31. Qf1 {[%emt 0:00:29]} Be4 {[%emt 0:00:23]} 32. f6 {[%emt 0:00:28]} cxb3 {[%emt 0:00:30]} 33. axb3 {[%emt 0:00:08]} Qc7 {[%emt 0:00:20]} 34. Rd3 {[%emt 0:00:55]} Bxd3 {[%emt 0:00:16]} 35. Qxd3 {[%emt 0:00:05]} Rd8 {[%emt 0:00:51]} 36. Be6+ {[%emt 0:00:45]} Kh8 {[%emt 0:00:02]} 37. Qe4 {[%emt 0:00:37]} Rd1 {[%emt 0:00:28]} 38. Bg4 {[%emt 0:00:32]} Rg1 {[%emt 0:00:27]} 39. Qd4 {[%emt 0:00:22]} Qc5 {[%emt 0:00:24]} 40. Qd7 {[%emt 0:00:38]} Rxc1+ {[%emt 0:01:19]} 41. Kxc1 {[%emt 0:01:58]} Qxg5+ {[%emt 0:01:10]} 42. Kd1 {[%emt 0:08:09]} Qxf6 {[%emt 0:00:14]} 43. Be6 {[%emt 0:04:36]} h5 {[%emt 0:12:28]} 44. Qc8 {[%emt 0:02:04]} Kh7 {[%emt 0:01:27]} 45. Qxa6 {[%emt 0:03:28]} Qf1+ {[%emt 0:01:25]} 46. Kd2 {[%emt 0:00:13]} Bh6+ {[%emt 0:00:19]} 0-1

[Event "CZE Extraliga 2019-20"]
[Site "Czech Republic"]
[Date "2019.10.13"]
[Round "2"]
[White "Richterova, Natasa"]
[Black "Zilka, Stepan"]
[Result "0-1"]
[WhiteElo "2212"]
[BlackElo "2536"]
[Annotator "TA"]
[PlyCount "118"]
[EventDate "2019.10.12"]
[EventType "team-tourn"]
[EventCountry "CZE"]
[SourceTitle "playchess.com"]
[Source "ChessBase"]
[SourceQuality "1"]
[WhiteTeam "Ostrava"]
[BlackTeam "Novoborsky"]

{[%evp 10,118,22,12,21,9,12,19,19,0,13,8,18,1,21,4,0,-10,-2,-18,-15,-27,-28,-28,-16,-18,-22,-24,-22,-24,-14,-12,-15,-30,-26,-41,-36,-31,-31,-25,-15,-20,-13,-15,-26,-14,-7,-9,-8,-8,-14,-12,-14,-62,-62,-60,-54,-56,-64,-93,-96,-113,-109,-230,-230,-250,-250,-243,-243,-231,-214,-206,-206,-304,-274,-368,-362,-466,-466,-593,-590,-577,-556,-535,-454,-450,-448,-505,-487,-634,-604,-640,-641,-752,-731,-1006,-997,-1401,-1225,-1486,-1417,-2723,-2005,-4190,-1186,-4133,-3958,-2184,-1824,-2347,-2230]} 1. e4 e6 2. d4 d5 3. Nd2 c5 4. exd5 Qxd5 5. Ngf3 cxd4 6. Bc4 Qd7 {C07: French Tarrasch: 3...c5, 4 Ngf3 and 4 exd5 Qxd5} (6... Qd6 7. O-O Nf6 8. Nb3 Nc6 9. Nbxd4 Nxd4 10. Nxd4 a6 11. Re1 Qc7 12. Bf1 Be7 13. Qf3 O-O 14. Bf4 Bd6 15. Bxd6 Qxd6 16. Rad1 Qc7 17. c4 Rb8 18. Qg3 Qxg3 19. hxg3 Bd7 {½-½ (61) Karjakin,S (2773)-Duda,J (2737) chess.com INT 2018}) 7. O-O Nc6 8. Nb3 {[%cal Rb3d4]} Nf6 {The position is equal.} 9. Nfxd4 $146 ({Predecessor:} 9. Nbxd4 Nxd4 {½-½ (65) Ehs,D (2056)-Genser,H (2294) Feistritz an der Drau 2014}) 9... Nxd4 10. Nxd4 {Strongly threatening Bb5.} a6 11. Re1 b5 12. Be2 Bb7 13. Bf3 Rd8 14. Bxb7 Qxb7 15. Qf3 Qxf3 16. Nxf3 Bc5 (16... Rc8 {keeps more tension.} 17. c3 Nd5 18. Bg5 Bc5 19. a3 O-O) 17. Be3 Bxe3 18. Rxe3 Ke7 19. c3 Nd5 20. Ree1 Rc8 21. Rad1 {aiming for Rxd5.} Rhd8 22. Rd4 Nb6 23. Kf1 Na4 24. Re2 f6 25. Rxd8 Rxd8 $11 {[%mdl 4096] Endgame KRN-KRN} 26. Nd4 {Nc6+ is the strong threat.} Kf7 27. f4 {[#]} b4 $1 {[%mdl 512]} 28. Nxe6 (28. cxb4 Rxd4) 28... Rd1+ 29. Kf2 bxc3 30. bxc3 Nxc3 31. Re3 Nxa2 32. Nc5 Nb4 33. Ra3 Rd6 34. Rb3 Rd4 35. Ke3 Rc4 {Threatens to win with ...Nc2+.} 36. Ne4 {[#]} (36. Kf3 $17 {might work better.}) 36... Nc2+ $1 $19 37. Kd3 Rd4+ 38. Kxc2 {And now Re3 would win.} Rxe4 {KR-KR} 39. g3 Re2+ 40. Kd3 Rxh2 41. f5 (41. Ra3 $142) 41... h5 42. Ke4 Re2+ 43. Kf4 {If only White now had time for Ra3....} a5 {Black is clearly winning.} 44. Ra3 {[#]} Re5 $1 45. Ra1 Rb5 46. Rc1 Rb4+ 47. Kf3 Rb7 48. Ra1 Rb3+ 49. Kf4 Rb4+ 50. Kf3 a4 {[%cal Ba5a4,Ba4a3][%mdl 32]} 51. Rc1 Rb7 52. Ra1 Rb3+ 53. Kf4 a3 54. Ra2 Rb4+ 55. Kf3 Ra4 56. Ke3 Kg8 57. Kd2 Kh7 58. Kc2 Kh6 59. Kb3 Rg4 {Accuracy: White = 36%, Black = 83%.} 0-1